| 000 | 01321cam a2200385 a 4500 | ||
|---|---|---|---|
| 999 |
_c16699 _d16699 |
||
| 001 | 16800621 | ||
| 003 | EG-ScBUE | ||
| 005 | 20210307122415.0 | ||
| 008 | 110527t2008 enk f b 000 1 eng d | ||
| 020 | _a1843548534 (pbk.) | ||
| 020 | _a9781843548539 (pbk.) | ||
| 040 |
_aUKM _beng _erda _cUKM _dBTCTA _dAU@ _dYDXCP _dDLC _dEG-ScBUE |
||
| 082 | 0 | 4 |
_a823.8 _bDIC _222 |
| 100 | 1 |
_aDickens, Charles, _d1812-1870, _eauthor. _929771 |
|
| 245 | 1 | 0 |
_aBleak house / _cCharles Dickens. |
| 264 | 1 |
_aLondon : _bAtlantic Books, _c[2008] |
|
| 264 | 4 | _cc2008 | |
| 300 |
_avi, 941 pages ; _c20 cm. |
||
| 336 |
_2rdacontent _atext _btxt |
||
| 337 |
_2rdamedia _aunmediated _bn |
||
| 338 |
_2rdacarrier _avolume _bnc |
||
| 490 | 0 | _aCrime classics | |
| 504 | _aIncludes bibliographical references. | ||
| 650 | 7 |
_aYoung women _vFiction. _2BUEsh _929773 |
|
| 650 | 7 |
_aGuardian and ward _vFiction. _2BUEsh _929774 |
|
| 650 | 7 |
_aIllegitimate children _vFiction. _2BUEsh _929775 |
|
| 650 | 7 |
_aInheritance and succession _vFiction. _2BUEsh _929776 |
|
| 651 | 7 |
_aLondon (England) _vFiction. _2BUEsh _929777 |
|
| 653 |
_cMay2012 _bHHUUEENN |
||
| 655 | 7 |
_aDomestic fiction. _vReading book |
|
| 655 | 7 |
_aBildungsromans. _2gsafd |
|
| 655 | 7 |
_aLegal stories. _2gsafd |
|
| 942 |
_2ddc _cBB |
||